Dictionary of Indian English (Record no. 79537)

MARC details
000 -LEADER
fixed length control field 00512nam a2200205Ia 4500
003 - CONTROL NUMBER IDENTIFIER
control field OSt
005 - DATE AND TIME OF LATEST TRANSACTION
control field 20260214114545.0
008 - FIXED-LENGTH DATA ELEMENTS--GENERAL INFORMATION
fixed length control field 210210b1969 xxu||||| |||| 00| 0 eng d
040 ## - CATALOGING SOURCE
Transcribing agency AL
041 ## - LANGUAGE CODE
Language code of text/sound track or separate title eng
082 ## - DEWEY DECIMAL CLASSIFICATION NUMBER
Classification number 427 KURD
100 ## - MAIN ENTRY--PERSONAL NAME
Personal name Kurian, G B T
9 (RLIN) 254903
245 ## - TITLE STATEMENT
Title Dictionary of Indian English
260 ## - PUBLICATION, DISTRIBUTION, ETC.
Place of publication, distribution, etc. Madras
Name of publisher, distributor, etc. Indian Universities
Date of publication, distribution, etc. 1969
300 ## - PHYSICAL DESCRIPTION
Extent 353p
650 ## - SUBJECT ADDED ENTRY--TOPICAL TERM
Topical term or geographic name entry element Indian English Dictionary
9 (RLIN) 254904
690 ## - LOCAL SUBJECT ADDED ENTRY--TOPICAL TERM (OCLC, RLIN)
Topical term or geographic name as entry element English Dictionaries
9 (RLIN) 254905
906 ## - LOCAL DATA ELEMENT F, LDF (RLIN)
a 028286
942 ## - ADDED ENTRY ELEMENTS (KOHA)
Source of classification or shelving scheme Dewey Decimal Classification
Koha item type Book
Holdings
Withdrawn status Lost status Source of classification or shelving scheme Damaged status Not for loan Collection code Home library Current library Date acquired Cost, normal purchase price Total Checkouts Full call number Barcode Date last seen Price effective from Koha item type
    Dewey Decimal Classification   Reference Book English St Aloysius Library St Aloysius Library 02/17/2021 0.00   427 KURD 028286 02/17/2021 02/17/2021 Book